| 000 | 00951cam a2200361 4500 | ||
|---|---|---|---|
| 001 | J3088 | ||
| 008 | 090401t1995 xxu||||| |||| 00| 0 eng d | ||
| 035 | _a(Sirsi) u52924 | ||
| 041 | _aeng | ||
| 050 | _a333.337 | ||
| 110 |
_aWeatherall Green and Smith _92055 |
||
| 245 | _aInternational rent survey: a guide to the costs of renting prime office accommodation in the key financial centres of the world. - Spring 1995 - Autumn 1995 | ||
| 260 |
_aLondon _bWeatherall Green and Smith _c1995 |
||
| 300 | _a2 pt. ; 30cm. | ||
| 350 | _a0 | ||
| 650 | _aAMSTERDAM | ||
| 650 | _aBEIJING | ||
| 650 | _aBERLIN | ||
| 650 | _aBRUSSELS | ||
| 650 | _aFRANKFURT | ||
| 650 | _aHONG KONG | ||
| 650 | _aINTERNATIONAL RENT SURVEY | ||
| 650 | _aLONDON | ||
| 650 | _aMADRID | ||
| 650 | _aMILAN | ||
| 650 | _aNEW YORK | ||
| 650 | _aOFFICES | ||
| 650 | _aPARIS | ||
| 650 | _aTOKYO | ||
| 690 | _aOVERSEAS | ||
| 942 | _n0 | ||
| 948 | _c04/03/1997 | ||
| 999 |
_c93194 _d93194 |
||